00481nam a2200181Ia 4500008004100000020001800041041000800059082002100067100001200088245002700100250001100127260004400138300000900182500002700191500004100218650001800259700002200277230125s9999 xx 000 0 und d a81-7866-008-3 aeng a658.45bRAI /RAI aRai U S aBuisness communication a2nd ed c2001bHimalaya Publishing HouseaMumbai a365p aBuisness communication aBusiness Communication;Communication aCommunication aRai U S & Rai S M